000 00603nam a2200205 i 4500
001 110590
003 ES-MaACL
005 20230906185110.0
007 t|
008 070206s1918 sp ||||1| spa d
080 _a821.134.2-32"19"
100 0 _aEl Caballero Audaz.
_933095
245 1 3 _aUn hombre con dinero
_b: novela inédita /
_cpor el Caballero Audaz.
260 _a[Madrid :
_bLa Novela Corta,
_c1918]
300 _a[16] p. ;
_c20 cm.
490 1 _aLa novela corta ;
_v185
830 0 _aLa novela corta ;
_v185
_9182142
852 _aES-MaACL
_j2213-F-4
_bR.138612
999 _c110590
_d110590